000 00380nam a2200133Ia 4500
005 20260328101528.0
008 260328s9999||||xx |||||||||||||| ||und||
100 _aBuitrago Gómez, Pablo
245 0 _aUniversidad del Valle, Arquitectura para la Educación /
_cPablo Buitrago Gómez
260 _bUniversidad del Valle
300 _a223 p.
650 _aARQUITECTURA
942 _cBK
999 _c9849
_d9849